Enhance Indoor Air Quality And Thermal Comfort Throug Natural Ventilation In Restaurants (Record no. 363522)

MARC details
000 -LEADER
fixed length control field 00398nam a2200121Ia 4500
008 - FIXED-LENGTH DATA ELEMENTS--GENERAL INFORMATION
fixed length control field 250110s9999 xx 000 0 und d
041 ## - LANGUAGE CODE
Language code of text/sound track or separate title eng
100 ## - MAIN ENTRY--PERSONAL NAME
Personal name Chavan Priyanka
9 (RLIN) 182655
245 ## - TITLE STATEMENT
Title Enhance Indoor Air Quality And Thermal Comfort Throug Natural Ventilation In Restaurants
260 ## - PUBLICATION, DISTRIBUTION, ETC. (IMPRINT)
Name of publisher, distributor, etc. M.Arch Environmental, Pune
Date of publication, distribution, etc. 2014
300 ## - PHYSICAL DESCRIPTION
Extent 150p
700 ## - ADDED ENTRY--PERSONAL NAME
Personal name Guide Name:Kulkarni Prajakta
9 (RLIN) 210330
Holdings
Withdrawn status Lost status Damaged status Not for loan Home library Current library Date acquired Total Checkouts Barcode Date last seen Bill Date Koha item type Original Barcode
        Dr. Bhanuben Nanavati College of Architecture Dr. Bhanuben Nanavati College of Architecture 13/06/2014   BNCA-PR-1022 10/01/2025 10/01/2025 Project Reports PR1022